| 000 | 00706nam a2200229 a 4500 | ||
|---|---|---|---|
| 999 |
_c2352 _d2352 |
||
| 001 | 2352 | ||
| 003 | BD-JhCC | ||
| 005 | 20171101163736.0 | ||
| 008 | 171101s2007 bg a|||| ||a| 000 0 ben d | ||
| 020 | _a9843238358 | ||
| 035 | _a(BD-JhCC)2352 | ||
| 040 |
_aBD-JhCC _dBD-JhCC |
||
| 041 | _aeng | ||
| 082 |
_a813.6 _bPUJ 2007 |
||
| 100 | _aপুজো'র, মারিও | ||
| 245 |
_aদ্য লাস্ট ডন / _cমারিও পুজো'র; মো: বলবুল আহমেদ (অনু.) |
||
| 260 |
_aঢাকা : _bরোদেলা প্রকাশনী, _c2007. |
||
| 300 |
_a423 p. : _c22 cm. |
||
| 650 | _aMurder, Mifia fiction | ||
| 942 |
_2ddc _cBK |
||